[Event "CZE-ch rapid U20"]
[Site "Ceska Trebova"]
[Date "2020.09.19"]
[Round "2"]
[White "Riha, Vojtech"]
[Black "Asatryan, Manvel"]
[Result "1-0"]
[WhiteElo "2141"]
[BlackElo "1675"]
[PlyCount "56"]
[EventDate "2020.09.19"]
[EventType "swiss (rapid)"]
[EventRounds "9"]
[EventCountry "CZE"]
[SourceTitle "CBM 198 Extra"]
[Source "ChessBase"]
[SourceDate "2020.11.30"]
[SourceVersion "1"]
[SourceVersionDate "2020.11.30"]
[SourceQuality "1"]

1. e4 d6 2. d4 Nf6 3. Nc3 c6 4. f4 Qa5 5. Bd3 e5 6. Nf3 Bg4 7. dxe5 dxe5 8. fxe5 Bxf3 9. Qxf3 Qxe5 10. Bf4 Qh5 11. Qg3 Nbd7 12. e5 Nd5 13. Nxd5 cxd5 14. 0-0 Bc5+ 15. Kh1 0-0 16. Rae1 Rae8 17. Bg5 f6 18. Bxf6 Nxf6 19. exf6 Qf7 20. Rxe8 Rxe8 21. Qg5 Be3 22. Qh4 g6 23. c4 d4 24. Be4 g5 25. Qg4 h5 26. Qf5 Rxe4 27. Qxe4 Kf8 28. Qe5 a6 1-0

[Event "CZE-ch rapid U20"]
[Site "Ceska Trebova"]
[Date "2020.09.19"]
[Round "6"]
[White "Vaclavik, Patrik"]
[Black "Asatryan, Manvel"]
[Result "1-0"]
[WhiteElo "1590"]
[BlackElo "1675"]
[PlyCount "122"]
[EventDate "2020.09.19"]
[EventType "swiss (rapid)"]
[EventRounds "9"]
[EventCountry "CZE"]
[SourceTitle "CBM 198 Extra"]
[Source "ChessBase"]
[SourceDate "2020.11.30"]
[SourceVersion "1"]
[SourceVersionDate "2020.11.30"]
[SourceQuality "1"]

1. e4 c5 2. c3 d5 3. exd5 Qxd5 4. Nf3 Nf6 5. Na3 Bg4 6. d4 cxd4 7. Nb5 Qd8 8. Nbxd4 e6 9. Bb5+ Nbd7 10. h3 Bxf3 11. Nxf3 Be7 12. Ne5 a6 13. Bxd7+ Nxd7 14. Qxd7+ Qxd7 15. Nxd7 Kxd7 16. Be3 Kc6 17. 0-0 g5 18. f4 gxf4 19. Rxf4 f6 20. Rc4+ Kd5 21. Rd4+ Kc6 22. Rad1 b5 23. Rd7 Rhd8 24. Rxd8 Rxd8 25. Rxd8 Bxd8 26. Kf2 Kd5 27. b3 Ba5 28. Bd2 Bb6+ 29. Kf3 h5 30. g4 hxg4+ 31. Kxg4 Ke4 32. h4 f5+ 33. Kg3 Bc7+ 34. Kf2 f4 35. Be1 f3 36. Bd2 Bb6+ 37. Kf1 Kf5 38. a4 Kg4 39. axb5 axb5 40. Be1 e5 41. c4 bxc4 42. bxc4 e4 43. Bb4 e3 44. c5 Bc7 45. Be1 Be5 46. c6 e2+ 47. Kg1 Bd4+ 48. Kh2 Be5+ 49. Kg1 Bc7 50. Bf2 Kh3 51. h5 Bh2+ 52. Kh1 Bg3 53. c7 Bxf2 54. c8Q+ Kh4 55. Qd8+ Kg4 56. Qd7+ Kf4 57. Qf7+ Ke3 58. Qe6+ Kd2 59. Qd5+ Ke3 60. Qc5+ Kd2 61. Qxf2 Kd1 1-0

[Event "Klatovy op-B 24th"]
[Site "Klatovy"]
[Date "2018.07.04"]
[Round "5"]
[White "Lener, Jaroslav"]
[Black "Asatryan, Manvel"]
[Result "1-0"]
[WhiteElo "1792"]
[BlackElo "1574"]
[PlyCount "61"]
[EventDate "2018.06.30"]
[EventType "swiss"]
[EventRounds "9"]
[EventCountry "CZE"]
[SourceTitle "CBM 185 Extra"]
[Source "ChessBase"]
[SourceDate "2018.07.29"]
[SourceVersion "1"]
[SourceVersionDate "2018.07.29"]
[SourceQuality "1"]

1. Nf3 Nf6 2. g3 g6 3. Bg2 Bg7 4. c4 0-0 5. Nc3 d5 6. cxd5 Nxd5 7. 0-0 Nxc3 8. dxc3 Nc6 9. Bf4 Qxd1 10. Rfxd1 e5 11. Be3 Be6 12. Ng5 Bc4 13. Kf1 h6 14. Bxc6 bxc6 15. b3 Ba6 16. Ne4 f5 17. Nc5 Bc8 18. f4 g5 19. Nd7 Bxd7 20. Rxd7 gxf4 21. gxf4 Rac8 22. fxe5 Bxe5 23. Kf2 Bxc3 24. Rg1+ Kh8 25. Rg6 Rf6 26. Rxh6+ Rxh6 27. Bxh6 Be5 28. h4 Kg8 29. Kf3 a6 30. Bf4 Bf6 31. h5 1-0

[Event "Klatovy op-B 24th"]
[Site "Klatovy"]
[Date "2018.07.03"]
[Round "4"]
[White "Asatryan, Manvel"]
[Black "Krupansky, Jaromir"]
[Result "1/2-1/2"]
[WhiteElo "1574"]
[BlackElo "1765"]
[PlyCount "73"]
[EventDate "2018.06.30"]
[EventType "swiss"]
[EventRounds "9"]
[EventCountry "CZE"]
[SourceTitle "CBM 185 Extra"]
[Source "ChessBase"]
[SourceDate "2018.07.29"]
[SourceVersion "1"]
[SourceVersionDate "2018.07.29"]
[SourceQuality "1"]

1. e4 c5 2. c3 d5 3. exd5 Qxd5 4. d4 Nf6 5. Nf3 Bg4 6. Be2 e6 7. 0-0 Be7 8. Be3 cxd4 9. cxd4 0-0 10. Nc3 Qd8 11. Qb3 Qc8 12. Rac1 Nc6 13. Rfd1 Rd8 14. d5 Nxd5 15. Nxd5 exd5 16. Rxd5 Rxd5 17. Qxd5 Qe6 18. Bc4 Qxd5 19. Bxd5 Rd8 20. Bxc6 bxc6 21. Ne5 Rd1+ 22. Rxd1 Bxd1 23. Nxc6 Bf6 24. Nxa7 Bxb2 25. Bc5 f5 26. Kf1 Bc3 27. Nb5 Ba5 28. f3 Kf7 29. Nd4 Kf6 30. Kf2 Ba4 31. Nb3 Bc7 32. Bd4+ Kf7 33. Nc5 Bc6 34. Bxg7 Bxh2 35. Bd4 Bd6 36. Nb3 Ke6 37. Bc5 1/2-1/2